|
|
|
|
| LEADER |
00000nam a2200000 a 4500 |
| 001 |
vtls011579668 |
| 003 |
SK-MaSNL |
| 005 |
20260301135725.0 |
| 008 |
240318s2015 xo o g 000 0 slo |
| 015 |
|
|
|a SNBA2016/09
|
| 020 |
|
|
|a 9788089697113
|q (brož.)
|
| 040 |
|
|
|a SNK
|b slo
|c SNK
|e AACR2
|
| 041 |
0 |
|
|a slo
|
| 043 |
|
|
|a e-xo---
|
| 044 |
|
|
|a xo
|c SK
|
| 072 |
|
7 |
|a 94(437.6)
|x Dejiny Slovenskej republiky
|2 konspekt
|
| 080 |
|
|
|a 94(437.6)
|2 2011
|
| 080 |
|
|
|a (036)
|2 2011
|
| 100 |
1 |
|
|a Starják, Matej
|4 aut
|9 317979
|
| 245 |
1 |
0 |
|a Zbudza
|b starobylá obec vybudovaná na ložisku soli
|c [texty: Matej Starják ; fotografie: Jozef Rovňák]
|
| 260 |
|
|
|a [Michalovce]
|b Jozef Rovňák - EXCEL
|c 2015
|
| 300 |
|
|
|a 25 s.
|b fareb. fotogr.
|c 13 x 21 cm
|
| 500 |
|
|
|a Názov z obalu
|
| 500 |
|
|
|a Miesto vyd. podľa ISBN
|
| 500 |
|
|
|a Vydané pre obec Zbudza
|
| 650 |
0 |
7 |
|a History
|2 SNKPHeng
|9 265139
|
| 650 |
0 |
7 |
|a dejiny obcí
|2 SNKPH
|9 164834
|
| 651 |
|
7 |
|a Zbudza (Slovensko)
|2 SNK
|9 51727
|
| 651 |
|
7 |
|a Zbudza (Slovakia)
|2 SNK
|9 491423
|
| 655 |
|
7 |
|a informačné publikácie
|2 SNKPH
|9 70181
|
| 655 |
|
7 |
|a Information publications
|2 SNKPHeng
|9 265188
|
| 700 |
1 |
|
|a Rovňák, Jozef
|4 pht
|9 327006
|
| 710 |
1 |
|
|a Zbudza (Slovensko).
|b Obecný úrad
|4 pbl
|9 197566
|
| 919 |
|
|
|a 978-80-89697-11-3
|
| 999 |
|
|
|c 761178
|d 763108
|
| 952 |
|
|
|a SNK
|b SNK
|y PREZ
|7 0
|p 17A1214252
|o snkOSE 5145
|i snk2016/21484
|8 0
|0 0
|1 0
|4 0
|d 2016-09-14
|l 0
|r 2026-02-24 00:04:19
|w 2026-02-24
|
| 952 |
|
|
|a SNK
|b SNK
|y VYP
|7 0
|p 17A1214253
|o snkOSE 5145 D1
|i snk2016/21485
|8 0
|0 0
|1 0
|4 0
|d 2016-09-14
|l 0
|r 2026-02-24 00:04:19
|w 2026-02-24
|